000 00473nam a2200181Ia 4500
001 21466
005 20260306172921.0
008 260306t2009||||xx |||||||||||||| ||spa||
041 _aESP
082 _a345.02
_bR84
100 _aRosas Yataco, Jorge,
_eAUT
245 0 _aManual de derecho procesal penal:
_bcon aplicación al nuevo proceso penal
260 _c2009
300 _a1149 pƔginas :
_c00 cm.
650 _aGEN
654 _aCDE
942 _cLIB
_dJUS
_fJUS
_2ddc
_n
999 _c21466
_d21466